Introduction to environemental geology (Record no. 25366)
[ view plain ]
| 000 -LEADER | |
|---|---|
| fixed length control field | 00638nam a22001937a 4500 |
| 003 - CONTROL NUMBER IDENTIFIER | |
| control field | OSt |
| 005 - DATE AND TIME OF LATEST TRANSACTION | |
| control field | 20220705112343.0 |
| 008 - FIXED-LENGTH DATA ELEMENTS--GENERAL INFORMATION | |
| fixed length control field | 220704b |||||||| |||| 00| 0 eng d |
| 020 ## - INTERNATIONAL STANDARD BOOK NUMBER | |
| International Standard Book Number | 9789352864324 |
| 082 ## - DEWEY DECIMAL CLASSIFICATION NUMBER | |
| Classification number | 550 |
| Item number | K28I |
| 100 ## - MAIN ENTRY--PERSONAL NAME | |
| Personal name | Keller, Edward A |
| 245 ## - TITLE STATEMENT | |
| Title | Introduction to environemental geology |
| Statement of responsibility, etc | by Edward A. Keller |
| 250 ## - EDITION STATEMENT | |
| Edition statement | 5th ed. |
| 260 ## - PUBLICATION, DISTRIBUTION, ETC. (IMPRINT) | |
| Place of publication, distribution, etc | Noida [UP] |
| Name of publisher, distributor, etc | Pearson India Education Services Ltd. |
| Date of publication, distribution, etc | 2018 |
| 300 ## - PHYSICAL DESCRIPTION | |
| Extent | xvii, 705p. |
| 500 ## - GENERAL NOTE | |
| General note | Includes Appendix: A-2 - E-2; Glossary: G-1 - G16; References: R-1 - R14; Index: I-1 - I-14; after the textual pages. |
| 653 ## - INDEX TERM--UNCONTROLLED | |
| Uncontrolled term | Environmental geology |
| 942 ## - ADDED ENTRY ELEMENTS (KOHA) | |
| Source of classification or shelving scheme | Dewey Decimal Classification |
| Koha item type | Books |
| Withdrawn status | Lost status | Source of classification or shelving scheme | Damaged status | Not for loan | Collection code | Home library | Current library | Date acquired | Source of acquisition | Total Checkouts | Full call number | Barcode | Date last seen | Date checked out | Price effective from | Koha item type | Use restrictions |
|---|---|---|---|---|---|---|---|---|---|---|---|---|---|---|---|---|---|
| Dewey Decimal Classification | General Text Book | Central University Of Rajasthan | Central University Of Rajasthan | 04/07/2022 | EVS | 4 | 550 K28I | 38243 | 09/05/2025 | 05/05/2025 | 04/07/2022 | Books | |||||
| Dewey Decimal Classification | General Text Book | Central University Of Rajasthan | Central University Of Rajasthan | 04/07/2022 | EVS | 550 K28I | 38244 | 04/07/2022 | 04/07/2022 | Books | |||||||
| Dewey Decimal Classification | General Text Book | Central University Of Rajasthan | Central University Of Rajasthan | 04/07/2022 | EVS | 3 | 550 K28I | 38245 | 20/03/2026 | 06/03/2026 | 04/07/2022 | Books | |||||
| Dewey Decimal Classification | General Text Book | Central University Of Rajasthan | Central University Of Rajasthan | 04/07/2022 | EVS | 1 | 550 K28I | 38246 | 13/09/2022 | 01/09/2022 | 04/07/2022 | Books | |||||
| Dewey Decimal Classification | Not For Loan | Reserve Text Book | Central University Of Rajasthan | Central University Of Rajasthan | 04/07/2022 | EVS | 550 K28I | 38247 | 04/07/2022 | 04/07/2022 | Books | Restricted Access |
